000 00493nam a22001817i 4500
001 423
003 OSt
005 20170126082243.0
007 tu
008 161220s1988 xxu||||| |||| 00| 0 d
024 7 _a422
_2RID
040 _cOSt
084 _a11.71
_a11.352
_a14.4
_a15.20
_2z
245 0 0 _aEast-West Joint Ventures.Economic,Business,Financial and Legal Aspects
260 _aNew York :
_bUnited Nations,
_c1988.
300 _a189 S. ;
_c30cm.
110 2 _aEconomic Commission for Europe (ECE)
_eEd.
942 _cB
999 _c418
_d418